Conflicto generacional en el uso de las Tecnologías de la Información y la Comunicación en la gestión de empresas de prensa en Guinea (notice n° 2212515)

détails MARC
000 -LEADER
fixed length control field 01553cam a2200157 4500500
005 - DATE AND TIME OF LATEST TRANSACTION
control field 20260419000354.0
041 ## - LANGUAGE CODE
Language code of text/sound track or separate title fre
042 ## - AUTHENTICATION CODE
Authentication code dc
100 10 - MAIN ENTRY--PERSONAL NAME
Personal name Cissé, Mamady Yaya
Relator term author
245 00 - TITLE STATEMENT
Title Conflicto generacional en el uso de las Tecnologías de la Información y la Comunicación en la gestión de empresas de prensa en Guinea
260 ## - PUBLICATION, DISTRIBUTION, ETC.
Date of publication, distribution, etc. 2026.<br/>
500 ## - GENERAL NOTE
General note 97
520 ## - SUMMARY, ETC.
Summary, etc. La digitalización de los procesos de información y comunicación afecta la cadena de producción, distribución, comercialización y consumo de productos y servicios de las empresas de prensa, debido a la revolución tecnológica en las organizaciones. En Guinea, esta transformación se manifiesta a través de una convivencia a veces muy difícil entre las generaciones jóvenes y las más antiguas de profesionales de los medios de comunicación, lo que influye negativamente en toda la cadena de valor de las empresas de prensa. Este artículo pretende buscar una solución alternativa al impacto de este conflicto generacional entre estos «nativos digitales» e «inmigrantes digitales» según Marc Prensky (2024), generado por el uso de herramientas y servicios de las Tecnologías de la Información y la Comunicación (TIC) en el periodismo. Se trata de lograr una mayor eficacia y eficiencia en la gestión de las empresas de prensa.
786 0# - DATA SOURCE ENTRY
Note La Revue des Sciences de Gestion | 337 | 1 | 2026-02-23 | p. 85-93 | 1160-7742
856 41 - ELECTRONIC LOCATION AND ACCESS
Uniform Resource Identifier <a href="https://shs.cairn.info/revista-revue-des-sciences-de-gestion-2026-1-page-85?lang=es&redirect-ssocas=7080">https://shs.cairn.info/revista-revue-des-sciences-de-gestion-2026-1-page-85?lang=es&redirect-ssocas=7080</a>

Pas d'exemplaire disponible.

PLUDOC

PLUDOC est la plateforme unique et centralisée de gestion des bibliothèques physiques et numériques de Guinée administré par le CEDUST. Elle est la plus grande base de données de ressources documentaires pour les Étudiants, Enseignants chercheurs et Chercheurs de Guinée.

Adresse

627 919 101/664 919 101

25 boulevard du commerce
Kaloum, Conakry, Guinée

Réseaux sociaux

Powered by Netsen Group @ 2025